00451nam a2200145Ia 4500003000900000008004100009040001600050080001500066100001900081245011300100260004300213300001500256650001700271650001700288IN-BaIIA211028s9999 xx 000 0 eng d cIIA Library a523.7bJOH aJohnson, S. J. 0aHistorical and future eclipses with notes on planets double stars and other celestial matterscS. J. Johnson aOxfordbJames Parker and Companyc1896 aviii, 178p aEclipses-Sun aSun-Eclipses